De trabajadores a proveedores La responsabilidad social empresarial y la tercerizacin̤ laboral en los ingenios azucareros /

Detalles Bibliográficos
Autor principal: Jimňez Nicholls, Mara̕ Camila
Formato: eBook
Lenguaje:español
Publicado: Bogot:̀ Editorial Universidad de Rosario (Colombia), 2019
Materias:
Acceso en línea:Acceso restringido

MARC

LEADER 00000nam a22000007a 4500
005 20200921215330.0
007 cr|||| ||||
008 200921s2014 co |||||s|||| 00||0 spa d
020 |a 978-958-784-322-4 
035 |a 32080 
040 |a vLex 
090 |c 10737  |d 10737 
100 1 |a Jimňez Nicholls, Mara̕ Camila 
245 1 0 |a De trabajadores a proveedores  |h [Recurso electrn̤ico] :  |b La responsabilidad social empresarial y la tercerizacin̤ laboral en los ingenios azucareros /  |c Mara̕ Camila Jimňez Nicholls 
256 |a Servicio en ln̕ea 
260 |a Bogot:̀  |b Editorial Universidad de Rosario (Colombia),  |c 2019 
300 |a 1 recurso electrn̤ico 
500 |a Desde el anl̀isis cualitativo, mediante entrevistas a profundidad a trabajadores, sindicalistas, profesionales, empresarios y actores claves de la industria azucarera, esta obra analiza los cambios en los tipos de contratacin̤ de los corteros de caą, avaladas por iniciativas legales, que han incidido en la precarizacin̤, la tercerizacin̤ laboral y la fragmentacin̤ del colectivo de trabajadores. La adhesin̤ al Pacto Global y la posterior publicacin̤ de informes anuales de sostenibilidad basados en los principios del GRI (Global Reporting Initiative), marcaron una nueva forma de relacin̤ entre los trabajadores y la patronal. Esto implic,̤ adems̀, la revisin̤ de antiguas ayudas sociales personalizadas y arbitrarias, manejadas por el patrn̤ y la Iglesia; la instalacin̤ de nuevas r̀eas de bienestar social al interior de los ingenios; y la consecuente reorganizacin̤ de la relacin̤ de los ingenios con sus colaboradores, proveedores, accionistas y la comunidad. 
506 1 |a Disponible solo en los productos indicados  |d vLex Global  |d vLex Global (Academic Edition, excluding Law Schools)  |d vLex Global (U.S. Academic Edition, Law Schools)  |d vLex Global (U.S. Academic Edition, excluding Law Schools)  |d vLex Global (Academic Edition, Law Schools) 
650 0 4 |a Derecho Laboral y Seguridad Social  |z Colombia 
650 0 4 |a Sociologa̕  |z Colombia 
740 0 |a vLex Libros (Servicio en ln̕ea) 
856 4 0 |u http://vlex.com/source/trabajadores-a-proveedores-la-responsabilidad-social-empresarial-y-la-tercerizacion-laboral-en-los-ingenios-azucareros-32080  |z Acceso restringido 
942 |c BOOK 
999 0 |a Labor Law and Social Security 
999 0 |a Sociology